Zvyšování efektivnosti ekonomiky a úloha socialistického podniku

Saved in:
Bibliographic Details
Main Author: Kazimour, Jan
Format: Book
Language:Czech
Published: Praha Státní nakladatelství technické literatury 1986
Tags: Add Tag
No Tags, Be the first to tag this record!

MARC

LEADER 00000nam a2200000 4500
001 c030608
005 20260326135529.1
041 0 |a cze 
044 |a CZ 
245 1 0 |a Zvyšování efektivnosti ekonomiky a úloha socialistického podniku  |c Jan Kazimour 
264 1 |a Praha  |b Státní nakladatelství technické literatury  |c 1986 
300 |a 154 s. 
100 1 |a Kazimour, Jan